中国人口最多的经度 - Statistics

General Stats
  • This quiz has been taken 42 times
  • The average score is 13 of 16
Answers on the Map
Answers color-coded by a green-red scale on the quiz's map according to % correct below.
 
Answer Stats
人口 纬度 % Correct
0.81亿 120
100%
1.23亿 114
97%
1.01亿 116
97%
0.73亿 118
97%
0.85亿 121
97%
0.86亿 115
94%
0.98亿 117
94%
0.74亿 119
94%
0.61亿 112
90%
1.11亿 113
90%
0.45亿 109
81%
0.5亿 110
81%
0.42亿 111
81%
0.42亿 107
48%
0.47亿 104
32%
0.41亿 106
26%
No matching quizzes found
Score Distribution
Percent of People with Each Score
Percentile by Number Answered
Your Score History
You have not taken this quiz